000 00882nam a22002897a 4500
001 BR2017002426
003 BR-BrBNA
005 20230928105140.0
007 ta
008 230509b bl.||||| |||| 00| 0 por d
040 _aBR-BrBNA
_bpor
_cBiblioteca Nacional de Agricultura
041 _a(Por)
072 _aH10
_b4020
_b4030
090 _ 4020 BR2017002426
100 1 _aPereira, M.C.S. de A.
110 1 _aUniversidade Federal de Lavras, MG (Brasil)
_0Tese (Mestrado)
245 1 _aEstudo sobre as associações entre vespas solitárias (Vespidae, Eumeninae)e ácaros (Acari)
260 3 _aLavras, MG (Brasil):
_c2016.
300 _a127 p.
500 _aSummaries (Eng, Por); Several bibliography; 67- illus.; 5 tables
650 _aVESPA
650 _aÁCARO
650 _aSIMBIOSE
650 _aPARASITO
909 _a202309
_bLucia
_c55
_dLucia Elande
942 _cBK
999 _c83697
_d83697